Pranayasatakam (Record no. 119833)

MARC details
000 -LEADER
fixed length control field 00441nam a2200133Ia 4500
008 - FIXED-LENGTH DATA ELEMENTS--GENERAL INFORMATION
fixed length control field 211119s9999||||xx |||||||||||||| ||und||
082 ## - DEWEY DECIMAL CLASSIFICATION NUMBER
Classification number 894.812 1
Item number RAJ-P
100 ## - MAIN ENTRY--PERSONAL NAME
Personal name Rajeevan, Thachom Poyil
245 #0 - TITLE STATEMENT
Title Pranayasatakam
260 ## - PUBLICATION, DISTRIBUTION, ETC.
Name of publisher, distributor, etc. Mathrubhumi Books
Place of publication, distribution, etc. Kottayam
Date of publication, distribution, etc. 2010
300 ## - PHYSICAL DESCRIPTION
Extent 158p
650 ## - SUBJECT ADDED ENTRY--TOPICAL TERM
Topical term or geographic name entry element Literature & rhetoric
942 ## - ADDED ENTRY ELEMENTS (KOHA)
Koha item type BOOK
650 ## - SUBJECT ADDED ENTRY--TOPICAL TERM
Form subdivision Literatures of other languagesAltaic, Uralic, Hyperborean & Dravidian Malayalam
General subdivision General Stack
Holdings
Withdrawn status Lost status Source of classification or shelving scheme Damaged status Not for loan Home library Current library Date acquired Cost, normal purchase price Total Checkouts Full call number Barcode Shelving location Date last seen Date last checked out Price effective from Koha item type
    Dewey Decimal Classification     SB LIBRARY SB LIBRARY 19/11/2021 125.00 1 894.8121 RAJ-P 00133321 GENERAL STACK 18/01/2024 11/01/2024 19/11/2021 BOOK

Powered by Koha